| 000 | 01015nmc a2200337 a 4500 | ||
|---|---|---|---|
| 003 | AR-BaBNM | ||
| 005 | 20251128210532.0 | ||
| 008 | 080020s1993 ||||||||||||||000 | spa|| | ||
| 020 | _a950-07-0890-6 | ||
| 040 | _cAR-BaBNM | ||
| 100 | 1 | _aLiernur, Jorge F. | |
| 245 | 1 | 0 |
_aEl umbral de la metrópolis _btransformaciones técnicas y cultura en la modernización de Buenos Aires : 1870-1930 |
| 260 |
_aBuenos Aires _bSudamericana _c1993 |
||
| 300 | 0 |
_a223 p. _btablas, il. |
|
| 490 | 0 | _aHistoria y cultura | |
| 500 | 0 | _aContiene referencias bibliográficas | |
| 650 | 4 | _aHISTORIA ARGENTINA | |
| 650 | 4 | _aHISTORIA SOCIAL | |
| 650 | 4 | _aHISTORIA DE BUENOS AIRES | |
| 650 | 4 | _aMODERNIZACION | |
| 650 | 4 | _aHISTORIA FERROVIARIA | |
| 650 | 4 | _aHISTORIA DEL TRANSPORTE | |
| 650 | 4 | _aURBANIZACION | |
| 650 | 4 | _aGENERACION DE 1880 | |
| 650 | 4 | _aPUERTOS | |
| 650 | 4 | _aHISTORIA PORTUARIA | |
| 651 | 4 | _aBuenos Aires [Capital Federal] | |
| 700 | 1 | _aSilvestri, Graciela | |
| 942 | _cBK | ||
| 998 | _cMariana | ||
| 999 |
_c15846 _d15846 |
||